[Event "Bayern-chI Bank Hofmann 24th"]
[Site "Tegernsee"]
[Date "2021.10.31"]
[Round "2"]
[White "Schmidt, Stefan"]
[Black "Hacker, Jonas"]
[Result "1/2-1/2"]
[WhiteElo "2153"]
[BlackElo "2371"]
[PlyCount "146"]
[EventDate "2021.10.30"]
[EventType "swiss"]
[EventRounds "9"]
[EventCountry "GER"]
[SourceTitle "CBM 205 Extra"]
[Source "ChessBase"]
[SourceDate "2022.01.31"]
[SourceVersion "1"]
[SourceVersionDate "2022.01.31"]
[SourceQuality "1"]

1. e4 c5 2. Nc3 e6 3. f4 d5 4. Nf3 dxe4 5. Nxe4 Nc6 6. g3 Be7 7. d3 Nf6 8. Bg2 Nxe4 9. dxe4 Qxd1+ 10. Kxd1 b6 11. Bd2 Bb7 12. Re1 0-0-0 13. c3 Ba6 14. Bf1 Bxf1 15. Rxf1 h5 16. Ke2 f5 17. Be3 Bf6 18. Rad1 g6 19. Rxd8+ Rxd8 20. Nd2 Kc7 21. Nc4 Be7 22. Rg1 b5 23. Nd2 c4 24. b3 cxb3 25. Nxb3 Re8 26. e5 a5 27. Bc5 a4 28. Bxe7 Rxe7 29. Nd4 Kb6 30. Rb1 Nxd4+ 31. cxd4 Rc7 32. Kd3 Rc4 33. a3 Ka6 34. Rb2 Rc1 35. d5 exd5 36. e6 b4 37. e7 Rc8 38. Re2 Re8 39. Kd4 bxa3 40. Kc5 a2 41. Rxa2 Rxe7 42. Rxa4+ Kb7 43. Ra2 Re4 44. Rb2+ Kc7 45. Rb6 Re2 46. Rxg6 Rxh2 47. Kxd5 h4 48. gxh4 Rxh4 49. Ke5 Kd7 50. Kxf5 Ke7 51. Ra6 Kf7 52. Ra7+ Kg8 53. Kg5 Rh1 54. Kg6 Rg1+ 55. Kf6 Rf1 56. f5 Rf2 57. Ra8+ Kh7 58. Rf8 Ra2 59. Re8 Rf2 60. Re5 Kg8 61. Re6 Rf1 62. Rd6 Rf2 63. Rd8+ Kh7 64. Ke6 Kg7 65. Rd7+ Kf8 66. Kf6 Kg8 67. Rg7+ Kf8 68. Rg1 Ra2 69. Re1 Rf2 70. Ra1 Kg8 71. Ra8+ Kh7 72. Rf8 Ra2 73. Re8 Rf2 1/2-1/2

[Event "Oberliga Baden 2122"]
[Site "Germany"]
[Date "2021.10.10"]
[Round "1.8"]
[White "Schmidt, Stefan"]
[Black "Krieger, Markus"]
[Result "1/2-1/2"]
[WhiteElo "2153"]
[BlackElo "2103"]
[PlyCount "105"]
[EventDate "2021.10.10"]
[EventType "team-tourn"]
[EventRounds "11"]
[EventCountry "GER"]
[SourceTitle "EXT 2023"]
[Source "ChessBase"]
[SourceDate "2022.10.05"]
[SourceVersion "1"]
[SourceVersionDate "2022.10.05"]
[SourceQuality "1"]
[WhiteTeam "Viernheim II"]
[BlackTeam "Untergrombach"]
[WhiteTeamCountry "GER"]
[BlackTeamCountry "GER"]

1. e4 e5 2. Nf3 Nc6 3. Bb5 f5 4. d3 fxe4 5. dxe4 Nf6 6. 0-0 d6 7. Qd3 Bg4 8. h3 Bxf3 9. Qxf3 Be7 10. Bc4 Qd7 11. a3 0-0-0 12. c3 Nxe4 13. Qxe4 d5 14. Bxd5 Qxd5 15. Nd2 h6 16. Qxd5 Rxd5 17. Ne4 Rhd8 18. b4 Rd1 19. Be3 Rxa1 20. Rxa1 a6 21. Kf1 Kd7 22. Ke2 Ke6 23. a4 b6 24. f3 Bf8 25. g4 Be7 26. Nd2 Nb8 27. Nb3 Kd5 28. Kd3 Nd7 29. c4+ Ke6 30. Kc3 c5 31. bxc5 Bxc5 32. Bxc5 Nxc5 33. Nxc5+ bxc5 34. Rb1 Rf8 35. Rb6+ Kd7 36. Kd3 Rxf3+ 37. Ke4 Rxh3 38. Rxa6 h5 39. Kd5 Rd3+ 40. Kxc5 hxg4 41. Rg6 g3 42. a5 Ke7 43. a6 Kf7 44. a7 Ra3 45. Rxg3 Rxa7 46. Kd5 Ra5+ 47. c5 Kf6 48. Rf3+ Kg5 49. Re3 Kf4 50. Re4+ Kf3 51. Rxe5 Kf4 52. Re4+ Kf3 53. Re5 1/2-1/2

[Event "Oberliga Baden 1920"]
[Site "Baden"]
[Date "2019.12.08"]
[Round "4.7"]
[White "Wu, Luka"]
[Black "Schmidt, Stefan"]
[Result "0-1"]
[WhiteElo "2117"]
[BlackElo "2130"]
[PlyCount "120"]
[EventDate "2019.09.29"]
[EventType "team-tourn"]
[EventRounds "9"]
[EventCountry "GER"]
[SourceTitle "CBM 195 Extra"]
[Source "ChessBase"]
[SourceDate "2020.05.31"]
[SourceVersion "1"]
[SourceVersionDate "2020.05.31"]
[SourceQuality "1"]
[WhiteTeam "Baden-Baden III"]
[BlackTeam "Viernheim II"]
[WhiteTeamCountry "GER"]
[BlackTeamCountry "GER"]

1. e4 e6 2. d4 d5 3. Nc3 Nf6 4. e5 Nfd7 5. f4 c5 6. Nf3 b6 7. Be3 Be7 8. Be2 Ba6 9. 0-0 g6 10. Qe1 Bxe2 11. Nxe2 Nc6 12. Rc1 c4 13. b3 b5 14. c3 Nb6 15. Nd2 Qc7 16. Rb1 Na5 17. Bf2 h6 18. bxc4 bxc4 19. Nf3 0-0-0 20. Bh4 Kb7 21. Bxe7 Qxe7 22. Qd2 Qa3 23. g4 Rdg8 24. Kh1 h5 25. Ng5 Qe7 26. gxh5 Rxh5 27. Rf2 Rb8 28. Qb2 Nc6 29. Qb5 Kc7 30. Qa6 Rb7 31. Ng1 Rh8 32. Rfb2 Rf8 33. a4 Qa3 34. Ne2 Rbb8 35. Nh7 Qxa4 36. Qxa4 Nxa4 37. Nxf8 Rxb2 38. Ra1 Rxe2 39. Rxa4 Re3 40. Ra3 Rh3 41. Kg2 Rh8 42. Kg3 Rxf8 43. Kg4 Rh8 44. h4 Rh5 45. Ra6 Kb7 46. Ra2 Ne7 47. Rb2+ Ka8 48. Rb5 Nc8 49. Rc5 Kb7 50. Rb5+ Nb6 51. Ra5 Nd7 52. Rb5+ Kc7 53. Ra5 Kb6 54. Ra2 a5 55. Rb2+ Ka6 56. Ra2 Rh8 57. Kg5 Rb8 58. Rc2 a4 59. Ra2 Ka5 60. Rc2 a3 0-1

[Event "Verbandsliga Nordbaden 1617"]
[Site "Baden"]
[Date "2016.12.11"]
[Round "4.5"]
[White "Eisenbeiser, Karlheinz"]
[Black "Schmidt, Stefan"]
[Result "0-1"]
[WhiteElo "1982"]
[BlackElo "2125"]
[PlyCount "130"]
[EventDate "2016.10.09"]
[EventType "team-tourn"]
[EventRounds "9"]
[EventCountry "GER"]
[SourceTitle "EXT 2022"]
[Source "ChessBase"]
[SourceDate "2021.10.06"]
[SourceVersion "1"]
[SourceVersionDate "2021.10.06"]
[SourceQuality "1"]
[WhiteTeam "Buchen II"]
[BlackTeam "Viernheim II"]
[WhiteTeamCountry "GER"]
[BlackTeamCountry "GER"]

1. e4 c5 2. c3 d5 3. exd5 Qxd5 4. d4 Nf6 5. Nf3 e6 6. Na3 Qd8 7. Bf4 cxd4 8. Nb5 Na6 9. Nbxd4 Nc7 10. Ne5 a6 11. Qa4+ Bd7 12. Nxd7 Nxd7 13. Bg3 Nd5 14. Be2 Bc5 15. Nb3 Be7 16. 0-0 0-0 17. Rad1 b5 18. Qd4 Bf6 19. Qd3 N7b6 20. Bf3 Rc8 21. Nd2 Na4 22. Qb1 Nab6 23. Rfe1 Qe7 24. Ne4 Rfd8 25. h3 Bh4 26. Be5 Qf8 27. Bd4 Be7 28. Ng3 Bc5 29. Ne4 Bxd4 30. Rxd4 h6 31. Ng3 Rc4 32. Red1 Rxd4 33. Rxd4 a5 34. Qd1 Rc8 35. Nh5 b4 36. cxb4 axb4 37. Qd2 Qc5 38. Bxd5 Qc1+ 39. Qxc1 Rxc1+ 40. Kh2 Nxd5 41. Nf4 Nxf4 42. Rxf4 b3 43. axb3 Rc2 44. f3 Rxb2 45. Rb4 g5 46. h4 Kg7 47. hxg5 hxg5 48. Rb8 Kf6 49. Kh3 Kf5 50. Rb4 f6 51. g4+ Ke5 52. Kg3 f5 53. gxf5 exf5 54. Rb5+ Ke6 55. Rb6+ Kf7 56. f4 g4 57. Kh4 Rh2+ 58. Kg3 Rh3+ 59. Kg2 Rf3 60. Rb4 Kg6 61. Kh2 Kh5 62. Kg2 Kh4 63. Kh2 Rf2+ 64. Kg1 Rb2 65. Kf1 g3 0-1

[Event "Verbandsliga Nordbaden 1516"]
[Site "Baden"]
[Date "2016.04.17"]
[Round "9.2"]
[White "Heidarnezhad, Ben Ali"]
[Black "Schmidt, Stefan"]
[Result "0-1"]
[WhiteElo "1976"]
[BlackElo "2129"]
[PlyCount "46"]
[EventDate "2015.09.27"]
[EventType "team-tourn"]
[EventRounds "9"]
[EventCountry "GER"]
[SourceTitle "EXT 2022"]
[Source "ChessBase"]
[SourceDate "2021.10.06"]
[SourceVersion "1"]
[SourceVersionDate "2021.10.06"]
[SourceQuality "1"]
[WhiteTeam "Hockenheim II"]
[BlackTeam "Viernheim II"]
[WhiteTeamCountry "GER"]
[BlackTeamCountry "GER"]

1. d4 d5 2. c4 c6 3. Nc3 Nf6 4. Nf3 a6 5. cxd5 cxd5 6. Bg5 Ne4 7. Bf4 Nxc3 8. bxc3 Nc6 9. e3 Bf5 10. Bd3 Bxd3 11. Qxd3 e6 12. 0-0 f5 13. c4 Rc8 14. cxd5 Qxd5 15. Rfc1 Be7 16. Rab1 0-0 17. Ne5 Nb4 18. Qb3 Nxa2 19. Qxd5 exd5 20. Rxc8 Rxc8 21. g4 Rc1+ 22. Rxc1 Nxc1 23. gxf5 a5 0-1

[Event "Verbandsliga Nordbaden 1415"]
[Site "Baden"]
[Date "2015.02.08"]
[Round "6.4"]
[White "Bongartz, Philipp"]
[Black "Schmidt, Stefan"]
[Result "0-1"]
[WhiteElo "2141"]
[BlackElo "2125"]
[PlyCount "86"]
[EventDate "2014.10.12"]
[EventType "team-tourn"]
[EventRounds "9"]
[EventCountry "GER"]
[SourceTitle "EXT 2022"]
[Source "ChessBase"]
[SourceDate "2021.10.06"]
[SourceVersion "1"]
[SourceVersionDate "2021.10.06"]
[SourceQuality "1"]
[WhiteTeam "Leimen"]
[BlackTeam "Viernheim II"]
[WhiteTeamCountry "GER"]
[BlackTeamCountry "GER"]

1. e4 Nf6 2. e5 Nd5 3. c4 Nb6 4. d4 d6 5. exd6 exd6 6. Nf3 Be7 7. h3 Bf5 8. Nc3 0-0 9. Be3 Re8 10. b3 Bf6 11. Be2 d5 12. c5 Nc8 13. b4 Nc6 14. a3 h6 15. Qb3 N8e7 16. Rd1 Be6 17. Bd3 Qd7 18. g4 Rad8 19. Ne2 Ng6 20. Bc2 Nh4 21. Nxh4 Bxh4 22. Qd3 Bf6 23. Kf1 Ne7 24. Nf4 Ng6 25. Nxg6 fxg6 26. Qxg6 Bf7 27. Qh7+ Kf8 28. Qd3 Bh4 29. Rh2 Re6 30. Qe2 Rf6 31. Bf5 Rxf5 32. gxf5 Qxf5 33. Qg4 Qf6 34. Qf4 Re8 35. Qxf6 Bxf6 36. Re1 Bg6 37. f3 Bh4 38. Rhe2 Bd3 39. Kg2 Bxe2 40. Rxe2 Kf7 41. Kf1 c6 42. Bd2 Re6 43. Rg2 Bf6 0-1

[Event "Berlin Lichtenrade op 05th"]
[Site "Berlin"]
[Date "2009.10.24"]
[Round "8"]
[White "Schmidt, Stefan"]
[Black "Stippekohl, Peter"]
[Result "1-0"]
[WhiteElo "1989"]
[BlackElo "2140"]
[PlyCount "79"]
[EventDate "2009.10.11"]
[EventType "swiss"]
[EventRounds "9"]
[EventCountry "GER"]
[SourceTitle "EXT 2010"]
[Source "ChessBase"]
[SourceDate "2010.11.25"]
[SourceVersion "1"]
[SourceVersionDate "2010.11.25"]
[SourceQuality "1"]

1. e4 d6 2. d4 g6 3. Be2 Nd7 4. Be3 Bg7 5. c3 b6 6. f4 Bb7 7. Nd2 Ngf6 8. Bf3 e5 9. Nh3 Qe7 10. fxe5 dxe5 11. Qc2 0-0-0 12. 0-0-0 h6 13. Nf2 Ne8 14. Qa4 Kb8 15. Nd3 Nd6 16. Nb4 Bf6 17. Rhe1 Bg5 18. Nc6+ Bxc6 19. Qxc6 Bxe3 20. Rxe3 h5 21. Kb1 Qf6 22. Qa4 c5 23. Rd3 cxd4 24. cxd4 exd4 25. Nb3 Ne5 26. Nxd4 Nb7 27. Ra3 a5 28. Rc1 Rc8 29. Rac3 Rxc3 30. Rxc3 Rc8 31. Rxc8+ Kxc8 32. Qe8+ Nd8 33. Be2 Kb7 34. Qb5 Qd6 35. Qa6+ Kb8 36. Nb5 Qc6 37. Qa7+ Kc8 38. Qe7 Qxe4+ 39. Ka1 Ne6 40. Nd6+ 1-0

[Event "Berlin Lichtenrade op 05th"]
[Site "Berlin"]
[Date "2009.10.21"]
[Round "5"]
[White "Marcziter, Dmitrii"]
[Black "Schmidt, Stefan"]
[Result "1-0"]
[WhiteElo "2257"]
[BlackElo "1989"]
[PlyCount "83"]
[EventDate "2009.10.11"]
[EventType "swiss"]
[EventRounds "9"]
[EventCountry "GER"]
[SourceTitle "EXT 2010"]
[Source "ChessBase"]
[SourceDate "2010.11.25"]
[SourceVersion "1"]
[SourceVersionDate "2010.11.25"]
[SourceQuality "1"]

1. d4 e6 2. c4 Nf6 3. Nc3 Bb4 4. Qc2 0-0 5. a3 Bxc3+ 6. Qxc3 Ne4 7. Qc2 d5 8. Nf3 b6 9. Bf4 c5 10. cxd5 exd5 11. e3 Ba6 12. Bxa6 Nxa6 13. dxc5 bxc5 14. 0-0 g5 15. Be5 f6 16. Bc3 Nxc3 17. Qxc3 Qe7 18. Rfd1 Rab8 19. Rd2 Rb6 20. h4 g4 21. Nh2 f5 22. g3 c4 23. Rad1 Nc7 24. Qd4 Qd6 25. e4 fxe4 26. Nxg4 Qe6 27. Ne3 Rfb8 28. Qc5 Na6 29. Qxd5 Qxd5 30. Rxd5 Rxb2 31. Nxc4 Rb1 32. Rxb1 Rxb1+ 33. Kg2 Rc1 34. Rd8+ Kg7 35. Rd7+ Kg8 36. Rxa7 Nc5 37. Ne3 Ra1 38. Nd5 Ra2 39. Nf6+ Kf8 40. Nxh7+ Ke8 41. Nf6+ Kd8 42. Kf1 1-0

[Event "Berlin Lichtenrade op 05th"]
[Site "Berlin"]
[Date "2009.10.19"]
[Round "3"]
[White "Rolle, Eric"]
[Black "Schmidt, Stefan"]
[Result "1/2-1/2"]
[WhiteElo "2265"]
[BlackElo "1989"]
[PlyCount "74"]
[EventDate "2009.10.11"]
[EventType "swiss"]
[EventRounds "9"]
[EventCountry "GER"]
[SourceTitle "EXT 2010"]
[Source "ChessBase"]
[SourceDate "2010.11.25"]
[SourceVersion "1"]
[SourceVersionDate "2010.11.25"]
[SourceQuality "1"]

1. d4 e6 2. c4 Nf6 3. g3 Bb4+ 4. Nd2 d5 5. Ngf3 0-0 6. a3 Bxd2+ 7. Qxd2 c6 8. Qc2 a5 9. Bg2 b6 10. Bf4 Ne4 11. cxd5 cxd5 12. Bc7 Qe7 13. Ne5 Bb7 14. Bxb6 Rc8 15. Qa4 f6 16. Nd3 Bc6 17. Qb3 Nd7 18. Bxe4 dxe4 19. Bc5 Qf7 20. Nf4 g5 21. Ng2 Bd5 22. Qe3 Rcb8 23. Qc1 Qh5 24. b4 axb4 25. Bxb4 Rc8 26. Qb1 f5 27. 0-0 Nf6 28. f3 Qh3 29. Ne3 f4 30. Nxd5 exd5 31. g4 Rc6 32. Be7 Nxg4 33. fxg4 Qxg4+ 34. Kh1 Rh6 35. Rg1 Rxh2+ 36. Kxh2 Qh5+ 37. Kg2 Qxe2+ 1/2-1/2

[Event "Oberliga Baden 0809"]
[Site "Germany"]
[Date "2009.03.01"]
[Round "7.8"]
[White "Striebich, Rudolf"]
[Black "Schmidt, Stefan"]
[Result "1/2-1/2"]
[WhiteElo "2207"]
[BlackElo "2103"]
[PlyCount "104"]
[EventDate "2008.10.05"]
[EventType "team-tourn"]
[EventRounds "9"]
[EventCountry "GER"]
[SourceTitle "EXT 2010"]
[Source "ChessBase"]
[SourceDate "2010.11.25"]
[SourceVersion "1"]
[SourceVersionDate "2010.11.25"]
[SourceQuality "1"]
[WhiteTeam "Eppingen II"]
[BlackTeam "Viernheim"]
[WhiteTeamCountry "GER"]
[BlackTeamCountry "GER"]

1. e4 Nf6 2. e5 Nd5 3. c4 Nb6 4. d4 d6 5. f4 g5 6. exd6 Qxd6 7. c5 Qe6+ 8. Be2 Nd5 9. fxg5 Bg7 10. Nf3 Nc6 11. Qd2 Qg4 12. Nc3 Be6 13. Bb5 0-0 14. Bxc6 bxc6 15. 0-0 Nxc3 16. bxc3 Bd5 17. Qf4 Bxf3 18. Qxf3 Qxf3 19. gxf3 e5 20. Be3 exd4 21. Bxd4 Bxd4+ 22. cxd4 Rfd8 23. Rad1 Rd5 24. Kf2 Rad8 25. Ke3 Rxg5 26. Rg1 Rdd5 27. Rg3 Kf8 28. Rb1 Ke7 29. Rb7 Kd7 30. Rxa7 Rh5 31. Rg7 Rdf5 32. Rg2 Rh3 33. Rf2 Rfh5 34. Rb7 Rxh2 35. Rbb2 Rxf2 36. Rxf2 Rh1 37. Kf4 Ke6 38. Re2+ Kf6 39. Rb2 h5 40. Rb7 Rd1 41. Rxc7 Rxd4+ 42. Ke3 Ra4 43. Rxc6+ Ke7 44. Rh6 h4 45. c6 Kd8 46. Rf6 Kc7 47. Rxf7+ Kxc6 48. Rh7 Kd6 49. f4 h3 50. Kf3 Rxa2 51. Rxh3 Ra3+ 52. Kg4 Rxh3 1/2-1/2

[Event "Oberliga Baden 0607"]
[Site "Germany"]
[Date "2007.04.22"]
[Round "9.5"]
[White "Hess, Markus"]
[Black "Schmidt, Stefan"]
[Result "0-1"]
[WhiteElo "2191"]
[BlackElo "2138"]
[PlyCount "60"]
[EventDate "2006.10.15"]
[EventType "team-tourn"]
[EventRounds "9"]
[EventCountry "GER"]
[SourceTitle "EXT 2008"]
[Source "ChessBase"]
[SourceDate "2007.11.25"]
[SourceVersion "1"]
[SourceVersionDate "2007.11.25"]
[SourceQuality "1"]
[WhiteTeam "Ladenburg"]
[BlackTeam "Viernheim"]
[WhiteTeamCountry "GER"]
[BlackTeamCountry "GER"]

1. e4 Nf6 2. e5 Nd5 3. d4 d6 4. Nf3 Bg4 5. Be2 e6 6. 0-0 Be7 7. c4 Nb6 8. Nc3 0-0 9. Be3 Nc6 10. exd6 cxd6 11. d5 Bxf3 12. Bxf3 Ne5 13. b3 Nxf3+ 14. Qxf3 e5 15. Qe2 f5 16. f4 Bf6 17. Rac1 a6 18. b4 Kh8 19. Rfd1 Nd7 20. Kh1 Rc8 21. Na4 Re8 22. Qf2 exf4 23. Bxf4 b5 24. cxb5 Rxc1 25. Rxc1 axb5 26. Nc3 Bxc3 27. Rxc3 Nf6 28. Rc6 Ne4 29. Qd4 Qh4 30. g3 Nxg3+ 0-1

[Event "BL2-Sued 0506"]
[Site "Germany"]
[Date "2006.02.19"]
[Round "7.5"]
[White "Schmidt, Stefan"]
[Black "Reiss, Tibor"]
[Result "0-1"]
[WhiteElo "2234"]
[BlackElo "2396"]
[PlyCount "68"]
[EventDate "2005.10.23"]
[EventType "team-tourn"]
[EventRounds "9"]
[EventCountry "GER"]
[SourceTitle "EXT 2007"]
[Source "ChessBase"]
[SourceDate "2006.11.23"]
[SourceVersion "1"]
[SourceVersionDate "2006.11.23"]
[SourceQuality "1"]
[WhiteTeam "Viernheim"]
[BlackTeam "Bayern Muenchen"]
[WhiteTeamCountry "GER"]
[BlackTeamCountry "GER"]

1. e4 c5 2. b3 e6 3. Nf3 Nc6 4. Bb2 Nf6 5. e5 Nd5 6. g3 Be7 7. Bg2 0-0 8. 0-0 d6 9. exd6 Qxd6 10. Na3 Bf6 11. Nc4 Qc7 12. Qc1 Nd4 13. Re1 Rd8 14. Ne3 Nb4 15. Bc3 Nbc6 16. Qb2 e5 17. Bxd4 cxd4 18. Nc4 Bf5 19. d3 b5 20. Na3 a6 21. Rac1 Rac8 22. Nb1 Nb4 23. Red1 Be7 24. a3 Nd5 25. Nbd2 f6 26. b4 Be6 27. Re1 Qc3 28. Qxc3 Nxc3 29. Nb3 Bxb3 30. cxb3 Ne2+ 31. Rxe2 Rxc1+ 32. Ne1 Ra1 33. Bb7 Rxa3 34. Kg2 Bxb4 0-1

[Event "BL2-Sued 0506"]
[Site "Germany"]
[Date "2005.11.27"]
[Round "3.6"]
[White "Schmidt, Stefan"]
[Black "Baerwinkel, Tobias"]
[Result "1/2-1/2"]
[WhiteElo "2234"]
[BlackElo "2266"]
[PlyCount "85"]
[EventDate "2005.10.23"]
[EventType "team-tourn"]
[EventRounds "9"]
[EventCountry "GER"]
[SourceTitle "EXT 2007"]
[Source "ChessBase"]
[SourceDate "2006.11.23"]
[SourceVersion "1"]
[SourceVersionDate "2006.11.23"]
[SourceQuality "1"]
[WhiteTeam "Viernheim"]
[BlackTeam "Bann"]
[WhiteTeamCountry "GER"]
[BlackTeamCountry "GER"]

1. e4 c5 2. b3 Nc6 3. Bb2 d5 4. exd5 Qxd5 5. Nf3 Nf6 6. Nc3 Qd8 7. Bb5 Bd7 8. 0-0 e6 9. Re1 Be7 10. d4 Nxd4 11. Nxd4 cxd4 12. Qxd4 Bxb5 13. Nxb5 a6 14. Qxd8+ Rxd8 15. Nd4 0-0 16. c4 Rd7 17. h3 h6 18. Nf3 Rc8 19. Bd4 Bb4 20. Rec1 Ba3 21. Rc2 b5 22. Bb2 Bxb2 23. Rxb2 bxc4 24. bxc4 Rdc7 25. Rb6 a5 26. Ne5 Rc5 27. Re1 Rxe5 28. Rxe5 Nd7 29. Rbb5 Nxe5 30. Rxe5 a4 31. c5 Kf8 32. Re4 Rxc5 33. Rxa4 h5 34. Ra7 h4 35. Kf1 Rc2 36. a4 Ra2 37. a5 g5 38. a6 Kg7 39. Ke1 Kf6 40. Ra8 Kf5 41. a7 Kf4 42. Kd1 e5 43. Ke1 1/2-1/2

[Event "BL2-Sued 0405"]
[Site "Germany"]
[Date "2005.04.10"]
[Round "9.7"]
[White "Nippgen, Georg"]
[Black "Schmidt, Stefan"]
[Result "1/2-1/2"]
[WhiteElo "2220"]
[BlackElo "2201"]
[PlyCount "82"]
[EventDate "2004.10.24"]
[EventType "team-tourn"]
[EventRounds "9"]
[EventCountry "GER"]
[SourceTitle "EXT 2007"]
[Source "ChessBase"]
[SourceDate "2006.11.23"]
[SourceVersion "1"]
[SourceVersionDate "2006.11.23"]
[SourceQuality "1"]
[WhiteTeam "Handschuhsheim"]
[BlackTeam "Viernheim"]
[WhiteTeamCountry "GER"]
[BlackTeamCountry "GER"]

1. c4 e5 2. Nf3 Nc6 3. d3 Nge7 4. Nc3 d5 5. cxd5 Nxd5 6. Bd2 Bg4 7. Qa4 Bxf3 8. gxf3 Bb4 9. h4 Nb6 10. Qd1 0-0 11. e3 a5 12. a3 Be7 13. h5 a4 14. Qc2 f5 15. 0-0-0 Qd7 16. Kb1 Na5 17. Be1 Qc6 18. Rg1 Rf6 19. h6 Rxh6 20. d4 Nac4 21. dxe5 Bxa3 22. Nd5 Nxb2 23. Qxb2 Qxd5 24. Qa2 Qxa2+ 25. Kxa2 Be7 26. Bd3 Rd8 27. Ba5 Rh2 28. Rd2 Kf8 29. Rb1 Bc5 30. Rbb2 f4 31. exf4 Bd4 32. Bb5 Rd5 33. Bxb6 cxb6 34. Bxa4 Bxb2 35. Rxd5 Rxf2 36. Rd8+ Kf7 37. Kb3 Ba1 38. Rd1 Rxf3+ 39. Kc2 Bc3 40. Rd7+ Ke6 41. Rxb7 Rxf4 1/2-1/2